000 00220nam a22000857a 4500
008 170220b xxu||||| |||| 00| 0 eng d
100 _92923
_aAggarwal.M.L.
245 _aLab Manual Mathematics-X
260 _aNew Delhi
_bAPC
_c2009
999 _c6163
_d6163